Novelas Inquérito (Record no. 43510)
[ view plain ]
| 000 -Etiqueta do registo | |
|---|---|
| Valores | 00762nam a2200217 4500 |
| 100 ## - Dados gerais de processamento | |
| Dados gerais | 20240909 pory50 |
| 101 ## - Língua de publicação | |
| Língua | por |
| 102 ## - País de publicação | |
| País | PT |
| 200 ## - Titulo e menção de responsabilidade | |
| Título próprio | Novelas Inquérito |
| Primeira menção de responsabilidade | Thomas Mann ... [et al.] |
| 210 ## - Publicação | |
| Local de publicação | Lisboa |
| Nome do editor | Editorial Inquérito |
| Data de publicação | [19--?] |
| 215 ## - Descrição física | |
| Paginação / Volumes | v. |
| 225 ## - Colecção | |
| Título próprio da colecção | Novelas Inquérito |
| Informação de outro título | As melhores novelas dos melhores novelistas |
| Indicação de volume | 31, 32 , 33 , 34 , 35 |
| 327 ## - Nota de conteúdo | |
| Texto da nota | vol. contém:Tristão de Thomas Mann ; Margot de Alfred de Musset ; O espelho da Tia Margarida de Walter Scott ; Suleima de Pierre Loti (Julien Viaud) ; O médico louco de Leónidas Andreief |
| 675 ## - CDU | |
| Notação | 821.112.2-32 |
| 675 ## - CDU | |
| Notação | 821.111-32 |
| 675 ## - CDU | |
| Notação | 821.133.1-32 |
| 675 ## - CDU | |
| Notação | 821.161.1-32 |
| 801 ## - Fonte de origem | |
| País | PT |
| Regras de catalogação | RPC |
| 990 ## - Elementos KOHA | |
| Tipo de documento | Livro |
| Aquisição | Empréstimo | Código de barras | Cota | Permissão de empréstimo | Tipo de documento | Nota relativa ao exemplar |
|---|---|---|---|---|---|---|
| Biblioteca Municipal de Redondo | Biblioteca Municipal de Redondo | 051206 | 82-3 NOV | Livro | Novelas Inquérito n.º 31 a 35 |